Colors and shapes. (Record no. 116626)
[ view plain ]
| 000 -LEADER | |
|---|---|
| fixed length control field | 00293nam a2200121 a 4500 |
| 005 - DATE AND TIME OF LATEST TRANSACTION | |
| control field | 20140513081058.0 |
| 008 - FIXED-LENGTH DATA ELEMENTS--GENERAL INFORMATION | |
| fixed length control field | 080110s19uu xx 00 eng d |
| 050 ## - LIBRARY OF CONGRESS CALL NUMBER | |
| Classification number | VCD |
| Item number | Co683 2004 |
| 245 ## - TITLE STATEMENT | |
| Title | Colors and shapes. |
| 260 ## - PUBLICATION, DISTRIBUTION, ETC. (IMPRINT) | |
| Name of publisher, distributor, etc | Lyons partnership, |
| Date of publication, distribution, etc | 2003. |
| 440 ## - SERIES STATEMENT/ADDED ENTRY--TITLE | |
| Title | Barney: |
| Withdrawn status | Lost status | Damaged status | Home library | Current library | Shelving location | Date acquired | Source of acquisition | Total Checkouts | Full call number | Barcode | Date last seen | Price effective from | Koha item type |
|---|---|---|---|---|---|---|---|---|---|---|---|---|---|
| Elizalde Library | Elizalde Library | Audio Visual Material Section | 01/10/2008 | VCD Co683 2004 | E735 | 05/13/2014 | 05/13/2014 | Audio Visual Materials |